Les 10 plus grandes villes de Roumanie - Statistiques

Statistiques générales
  • Ce quiz a été pris 360 fois
  • Le résultat moyen est 6 sur 10
Statistiques - réponses
Population Ville % Correct
1 877 155 Bucarest
99%
316 748 Cluj-Napoca
87%
303 399 Constanța
68%
315 053 Timișoara
68%
318 012 Iași
67%
276 088 Brașov
64%
304 142 Craiova
43%
228 851 Ploiești
32%
294 087 Galați
28%
213 569 Brăila
17%
Aucun quiz correspondant
Distribution des résultats
% des personnes avec chaque résultat
Percentile par nombre de réponses
Votre historique - résultats
Vous n’avez pas pris ce quiz